Statistics for Countries Whose Capitals Start With Letter T

Click here to take the quiz!

General Stats

  • This quiz has been taken 70 times
  • The average score is 9 of 11

Answer Stats

CapitalCountry% Correct
TallinnEstonia
92%
TegucigalpaHonduras
90%
TokyoJapan
89%
TehranIran
85%
TashkentUzbekistan
85%
TunisTunisia
82%
TiranaAlbania
81%
ThimphuBhutan
81%
TaipeiTaiwan
77%
TripoliLibya
76%
TbilisiGeorgia
74%

Score Distribution

Percentile by Number Answered

Percent of People with Each Score

Your Score History

You have not taken this quiz